| 000 | 00641nam a2200181Ia 4500 | ||
|---|---|---|---|
| 999 |
_c64120 _d64120 |
||
| 005 | 20240530110715.0 | ||
| 008 | 140319s2016 le a 000 0 ara d | ||
| 020 | _a9786144325575 | ||
| 040 |
_aGCL / _cGCL |
||
| 082 | 0 | 4 |
_221 _a953.34\ _bر ح |
| 100 | 0 | _aريم عبدالغنى | |
| 245 | 1 | 0 |
_aحضر موت : _bحضارة لا تموت / _cريم عبدالغنى . |
| 260 |
_aبيروت : _bدار الفرابى ، _c2016 . |
||
| 300 |
_a351 ص ؛ _c22 سم |
||
| 650 | 0 | 7 |
_2qrmak _aحضر موت _xتاريخ |
| 651 | 0 | 7 |
_2qrmak _aاليمن الجنوبى _xتاريخ _yالعصر الحديث _xالاستقلال |
| 942 |
_2ddc _cBK |
||